| 000 | 01368cam a22003494a 4500 | ||
|---|---|---|---|
| 001 | 12461576 | ||
| 003 | OSt | ||
| 005 | 20160302160257.0 | ||
| 008 | 010705s2001 nyua b 001 0 eng | ||
| 010 | _a 2001036522 | ||
| 020 | _a0312240139 | ||
| 040 |
_aDLC _cDLC _dDLC |
||
| 042 | _apcc | ||
| 050 | 0 | 0 |
_aGN484.3 _b.G46 2001 |
| 082 | 0 | 0 |
_a305.3 _221 |
| 245 | 0 | 0 |
_aGendered modernities : _bethnographic perspectives / _cedited by Dorothy L. Hodgson. |
| 260 |
_aNew York : _bPalgrave, _c2001. |
||
| 300 |
_axiv, 271 p. : _bill. ; _c22 cm. |
||
| 504 | _aIncludes bibliographical references and index. | ||
| 650 | 0 |
_aSex role. _96967 |
|
| 650 | 0 |
_aSex customs. _97009 |
|
| 650 | 0 |
_aSex differences. _97010 |
|
| 650 | 0 |
_aGender identity. _96968 |
|
| 650 | 0 |
_aCivilization, Modern. _97011 |
|
| 700 | 1 |
_aHodgson, Dorothy Louise. _97012 |
|
| 856 | 4 | 2 |
_3Contributor biographical information _uhttp://www.loc.gov/catdir/bios/hol058/2001036522.html |
| 856 | 4 | 2 |
_3Publisher description _uhttp://www.loc.gov/catdir/description/hol052/2001036522.html |
| 856 | 4 | 1 |
_3Table of contents _uhttp://www.loc.gov/catdir/toc/hol051/2001036522.html |
| 906 |
_a7 _bcbc _corignew _d1 _eocip _f20 _gy-gencatlg |
||
| 942 |
_2ddc _cSLOAN |
||
| 999 |
_c3144 _d3144 |
||